[Event "Fredericia Chess 2024 Candidate"]
[Site "Fredericia Denmark"]
[Date "2024.05.12"]
[Round "4.3"]
[White "Guindy, Esmat Susanne"]
[Black "Hansen, Per"]
[Result "1/2-1/2"]
[WhiteElo "2019"]
[BlackElo "2121"]
[WhiteFideId "1401637"]
[BlackFideId "1446045"]
[SourceTitle "Live"]

1. d4   d6  2. Nf3   Nd7  3. c4   e5  4. Nc3   g6  5. g3   Bg7  6. Bg2   Ne7  7. e4   exd4  8. Nxd4   O-O  9. O-O   Nc6  10. Nxc6  10... bxc6  11. Bd2   Ne5  12. b3   c5  13. Qc1   Nd3  14. Qd1   Bb7  15. Qe2   Nb4  16. Rad1   Nc6  17. Qd3   Re8  18. Be3   Nd4  19. f3   Qe7  20. Bf2  20... a5  21. Rfe1   Bc6  22. Nd5   Qd8  23. Be3   h6  24. Qd2   Kh7  25. h3   Bxd5  26. cxd5   Qb8  27. Kh2   Qb4  28. Qf2   a4  29. bxa4   Rxa4  30. Rb1  30... Qa5  31. Rb2   Ra8  32. Reb1   Rxa2  33. Rxa2   Qxa2  34. Qxa2   Rxa2  35. Bxd4   cxd4  36. Rd1   Kg8  37. Kg1   Kf8  38. Bf1   Rb2  39. Rc1   Rb3  40. Kg2  40... d3  41. f4   d2  42. Rd1   Bc3  43. Be2   Bb4  44. Bf3   Ke7  45. h4   h5  46. g4   hxg4  47. Bxg4   Re3  48. Bf3   Kf6  49. Kf2   Rb3  50. Ke2  50... Bc5  51. Rxd2   Re3+  52. Kf2   Rxe4+  53. Kg3   Rb4  54. Re2   Rb3  55. Kg4   Be3  56. Be4   Rc3  57. Rc2   Rxc2  58. Bxc2   Bd2  59. Bd3   Ke7  60. f5  60... Kf6  61. fxg6   fxg6  62. h5   gxh5+  63. Kxh5  1/2-1/2

[Event "Fredericia Chess 2024 Candidate"]
[Site "Fredericia Denmark"]
[Date "2024.05.12"]
[Round "4.4"]
[White "Rossen, Claus"]
[Black "Skaarup, Kasper"]
[Result "0-1"]
[WhiteElo "2101"]
[BlackElo "2054"]
[WhiteFideId "1403222"]
[BlackFideId "1446045"]
[SourceTitle "Live"]

1. d4   e6  2. c4   b6  3. Nc3   Bb7  4. Nf3   Bb4  5. Qc2   f5  6. a3   Bxc3+  7. Qxc3   Nf6  8. Bf4   O-O  9. e3   d6  10. O-O-O  10... Nbd7  11. h3   Ne4  12. Qc2   Qe7  13. g4   e5  14. dxe5   dxe5  15. Rxd7   Qxd7  16. Nxe5   Qe7  17. Bg2   Rae8  18. gxf5   Nc5  19. Bxb7   Nxb7  20. e4  20... Nd6  21. f3   Nf7  22. Ng4 Qc5 23. Be3   Qc6  24. Rg1   h5  25. Nf2   Ne5  26. f4   Nxc4  27. Bd4   Rf7  28. f6   Na5  29. Qxc6   Nxc6  30. Bc3 Rd8  31. e5   Nd4  32. Re1   gxf6  33. e6   Re7  34. f5   Kf8  35. Ne4   Nxf5  36. Bxf6   Rd3  37. Bxe7+   Kxe7  38. Ng5   Rg3  39. Ne4   Re3  0-1

[Event "Fredericia Chess 2024 Candidate"]
[Site "Fredericia Denmark"]
[Date "2024.05.12"]
[Round "4.5"]
[White "Light, Bjarne"]
[Black "Perets, Dmytro"]
[Result "0-1"]
[WhiteElo "2238"]
[BlackElo "2208"]
[WhiteFideId "1401360"]
[BlackFideId "14174456"]
[SourceTitle "Live"]

1. c4   e5  2. g3   Nc6  3. Bg2   f5  4. Nc3   Nf6  5. e3   Bb4  6. Nd5   O-O  7. Nxb4   Nxb4  8. Qb3   c5  9. a3   Nc6  10. Ne2  10... e4  11. d4   cxd4  12. exd4   d5  13. c5   h6  14. Be3   Na5  15. Qc3   b6  16. b4   Nc4  17. Bf4   g5  18. Bc1   Bd7  19. Rb1   b5  20. h4  20... Nh7  21. hxg5   hxg5  22. f3   Qe7  23. Kf2   Kg7  24. Kg1   Rh8  25. fxe4   fxe4  26. Be3   Bg4  27. Re1   Qc7  28. Rxh7+   Rxh7  29. Bxg5   Qd7  30. Qc1  30... Bxe2  31. Rxe2   Qg4  32. Rf2   Qxg3  33. Bf4   Qg6  34. Kf1   Rf8  35. Qc3   Rh4  36. Be5+   Nxe5  37. dxe5   Rxf2+  38. Kxf2   Rf4+  39. Kg1   Rf3  40. Qd2  40... Rd3  41. Qe2   Rxa3  42. Qb2   Qg3  43. Qb1   Qe3+  44. Kh2   Qf4+  45. Kg1   Rc3  0-1

[Event "Fredericia Chess 2024 Candidate"]
[Site "Fredericia Denmark"]
[Date "2024.05.12"]
[Round "5.1"]
[White "Motzkus, Mikkel Vinther"]
[Black "Nielsen Refs, Karl Emil Elmer"]
[Result "1/2-1/2"]
[WhiteElo "2092"]
[BlackElo "2182"]
[SourceTitle "Live"]

1. c4   e5  2. g3   Nf6  3. Bg2   c6  4. Nc3   d5  5. cxd5   cxd5  6. d3   Bc5  7. Qb3   Be6  8. Qxb7   Nbd7  9. Nf3   Rb8  10. Qc6  10... Rb6  11. Qa4   d4  12. Nd1   O-O  13. O-O   Qb8  14. Ng5   Bf5  15. a3   h6  16. Ne4   Nxe4  17. Bxe4   Bxe4  18. dxe4   Qb7  19. b4   Be7  20. Nb2  20... Ra6  21. Qb3   Nc5  22. Qd5   Qxd5  23. exd5   Nb3  24. Rb1   Rc8  25. Nd3   Nxc1  26. Rfxc1   Rd8  27. Nxe5   Rxd5  28. Rc8+   Kh7  29. Nc4   Re6  30. Rb2  30... Bf6  31. Rd2   Bg5  32. f4   Bd8  33. Kf2   a5  34. Rc5   Rxc5  35. bxc5   Be7  36. Nxa5   Bxc5  37. Rd3   Ra6  38. Nb3   Bxa3  39. Nxd4   Bc5  40. Kf3  40... Bxd4  41. Rxd4   g6  42. g4   Kg7  43. Rd5   Rb6  44. h4   Rb1  45. e3   Rh1  46. h5   Rh2  47. hxg6   Kxg6  48. Rd6+   Kg7  49. Rd5   Rh1  50. Ke4  50... Re1  51. Rh5   Ra1  52. Rd5   Re1  53. Rd3   Kf6  54. Rd6+   Kg7  55. Rb6   Re2  56. Kf3   Re1  57. Rb2   Rh1  58. Rg2   Ra1  59. f5   Rf1+  60. Rf2  60... Ra1  61. Kf4   Ra4+  62. e4   Ra1  63. Rg2   Rf1+  64. Ke5   Ra1  65. Rc2   Ra5+  66. Kf4   Ra4  67. Rd2   Rb4  68. Rg2   Ra4  69. g5   hxg5+  70. Rxg5+  70... Kf6  71. Rh5   Rb4  72. Rh6+   Kg7  73. Rd6   Ra4  74. f6+   Kg6  75. Ke5   Ra5+  76. Rd5   Ra6  77. Rd1  1/2-1/2

[Event "Fredericia Chess 2024 Candidate"]
[Site "Fredericia Denmark"]
[Date "2024.05.12"]
[Round "5.2"]
[White "Kocak, Can"]
[Black "Hansen, Lars"]
[Result "0-1"]
[WhiteElo "2088"]
[BlackElo "2191"]
[WhiteFideId "6366929"]
[BlackFideId "1402528"]
[SourceTitle "Live"]

1. e4   c5  2. Nf3   d6  3. d4   cxd4  4. Nxd4   Nf6  5. Nc3   a6  6. Be3   e5  7. Nb3   Be6  8. Qd2   Be7  9. f3   h5  10. O-O-O  10... Nbd7  11. Kb1   Rc8  12. Nd5   Bxd5  13. exd5   Nb6  14. Qa5   Nc4  15. Bxc4   Rxc4  16. Rhe1   Qd7  17. Qd2   O-O  18. Na5   Rcc8  19. h3   h4  20. f4  20... exf4  21. Bf2   Bd8  22. Nb3   Nh5  23. Bd4   Qf5  24. Qe2   Ng3  25. Qf2   Rc4  26. Bc3   Ne4  27. Qf3   Nxc3+  28. bxc3   Bf6  29. Nd4   Qc8  30. Qxf4  30... Rxc3  31. Qxd6   Qc4  32. Qb6   Ra3  33. Qb2   Rc3  34. Qb6   Rc8  35. d6   Rxc2  36. Qb3   Bxd4  37. d7   Qxb3+ 38. axb3   Rb2+  39. Ka1   Rd2+  40. Kb1  40... Rb2+  41. Ka1   Rd2+  42. Kb1   Rxd1+  43. Rxd1   Rd8  44. Rxd4   g5  45. Rg4   f6  46. g3   hxg3  47. h4   Rxd7  48. hxg5   fxg5  49. Rxg3   Rd5  50. Kc2  50... Kg7  51. Kc3   Kg6  52. Kc4   Rd7  0-1

[Event "Fredericia Chess 2024 Candidate"]
[Site "Fredericia Denmark"]
[Date "2024.05.12"]
[Round "5.3"]
[White "Guindy, Esmat Susanne"]
[Black "Skaarup, Kasper"]
[Result "1/2-1/2"]
[WhiteElo "2019"]
[BlackElo "2054"]
[WhiteFideId "1401637"]
[BlackFideId "1446045"]
[SourceTitle "Live"]

1. c4   e6  2. Nf3   b6  3. d4   Bb7  4. Nc3   Bb4  5. Qc2   f5  6. Bd2   Nf6  7. e3   d6  8. Qa4+   Nc6  9. d5   Bxc3  10. Bxc3  10... exd5  11. Bxf6   Qxf6  12. Nd4   O-O  13. Nxc6   Qxb2  14. Rd1   Qc3+  15. Rd2   Qc1+  16. Rd1   Qc3+  17. Rd2   Qc1+  1/2-1/2

[Event "Fredericia Chess 2024 Candidate"]
[Site "Fredericia Denmark"]
[Date "2024.05.12"]
[Round "5.4"]
[White "Perets, Dmytro"]
[Black "Hansen, Per"]
[Result "1-0"]
[WhiteElo "2208"]
[BlackElo "2121"]
[WhiteFideId "14174456"]
[SourceTitle "Live"]

1. Nf3   d6  2. d4   Nd7  3. c4   e5  4. Nc3   g6  5. h4   h6  6. e4   Bg7  7. h5   g5  8. d5   a5  9. Be3   Nc5  10. Bxc5  10... dxc5  11. Bd3   Qe7  12. Qa4+   Kf8  13. Nd2   Nf6  14. f3   Kg8  15. Nf1   Kh7  16. Ne3   Ne8  17. O-O   f6  18. Rfb1   Ra6  19. a3   Qf7  20. g4  20... Bf8  21. Qc2   Bd6  22. Nb5   Ng7  23. b4   Qe7  24. Nxd6   Qxd6 25. Nd1   b6  26. bxc5   Qxc5+  27. Qf2   Qxf2+  28. Kxf2   Ra7  29. Rb2   Ne8  30. c5  30... bxc5  31. Rc1   Nd6  32. Rxc5   Rd8  33. Nc3   Bd7  34. Ke3   Kg7  35. Rc2   Rb8  36. a4   Rbb7  37. Kd2   Kf7  38. Bb5   Ke7  39. Kd3   Bxb5+  40. Nxb5  40... Nxb5  41. axb5   Kd7  42. Kc4   Rb6  43. Ra2   Kd6  44. Rc6+   Kd7  45. Kc5   Rab7  46. Rxa5   Rb8  47. Kc4   R8b7  48. Rc5   Rb8  49. Ra7   R8b7  50. Rxb7  50... Rxb7  51. Rc6  1-0

[Event "Fredericia Chess 2024 Candidate"]
[Site "Fredericia Denmark"]
[Date "2024.05.12"]
[Round "5.5"]
[White "Light, Bjarne"]
[Black "Poulsen, Iver"]
[Result "0-1"]
[WhiteElo "2238"]
[BlackElo "2130"]
[WhiteFideId "1401360"]
[BlackFideId "1405110"]
[SourceTitle "Live"]

1. c4   e6  2. Nf3   d5  3. e3   Nf6  4. Nc3   c5  5. cxd5   Nxd5  6. d4   cxd4  7. exd4   Be7  8. Bd3   Nc6  9. a3   Bf6  10. O-O  10... Nxc3  11. bxc3   O-O  12. Qc2   g6  13. Bh6   Re8  14. Rad1   Qa5  15. Qc1   Bd7  16. Qf4   Bg7  17. Bxg7   Kxg7  18. Ng5   Re7  19. Ne4   f5  20. Ng5  20... e5  21. dxe5   Qxe5  22. Qd2   Rae8  23. h4   Qf6  24. Bb5   Ne5  25. Bxd7 Rxd7  26. Qb2   Red8  27. Rxd7+   Rxd7  28. Qb3   Re7  29. Qa4   Nc6  30. Qc4  30... Ne5  31. Qb4   h6  32. Nh3   Nc6  33. Qc5   Qxh4  34. Rd1   Qe4  35. Qd6   g5  36. f4   g4  37. Nf2   Qe3  38. Qd3   Qxf4  39. Qb1   g3  40. Nh3  40... Qe3+  41. Kh1   Qe4  42. Qc1   Qg4  43. Rf1   Qe4  44. Nf4   Kh7  45. Qd1   Qe3  46. Qd6   Rg7  47. Qf8   Qe4  48. Nh3   Ne7  49. Rd1   Ng6  50. Qd8  50... Nf4  51. Nxf4   Qxf4  52. Kg1   Qe3+  53. Kh1   Qg5  54. Qd5   Qh5+  55. Kg1   Re7  56. Qd4   Qh2+  57. Kf1   Qh1+  58. Qg1   Qxg1+  59. Kxg1   Re3  60. Rc1  60... Kg6  61. Kf1   b5  62. a4   a6  63. axb5   axb5  64. c4   bxc4  65. Rxc4   Kg5  66. Rc8   Re6  67. Rg8+   Kf4  68. Ra8   Rb6  69. Ra4+   Kg5  70. Ke2  70... h5  71. Ra2   h4  72. Rc2   Rb4  73. Ra2   Kg4  74. Kf1   h3  75. gxh3+   Kxh3  76. Ra8   g2+  77. Kf2   Rf4+  78. Ke3   g1=Q+  79. Kxf4   Qg4+  0-1

[Event "Fredericia Chess 2024 Candidate"]
[Site "Fredericia Denmark"]
[Date "2024.05.12"]
[Round "5.6"]
[White "Andersen, Lars Rene"]
[Black "Rossen, Claus"]
[Result "1/2-1/2"]
[WhiteElo "2062"]
[BlackElo "2101"]
[WhiteFideId "1404792"]
[BlackFideId "1403222"]
[SourceTitle "Live"]

1. c4   Nf6  2. Nf3   g6  3. d4   Bg7  4. Nc3   d5  5. Bg5   Ne4  6. Bh4   Nxc3  7. bxc3   c5  8. e3   Nc6  9. Be2   dxc4  10. Bxc4  10... O-O  11. O-O   a6  12. h3   b5  13. Be2   Na5  14. Rc1   Be6  15. Qc2   Rc8  16. Qb2   Nc4  17. Qb1   Na3  18. Qb2   Bc4  19. Bxc4   Nxc4  20. Qb3  20... Re8  21. a4   Qa5  22. axb5   Qxb5  23. Qa2   a5  24. Rb1   Qa6  25. Qa4   cxd4  26. cxd4   Qc6  27. Rb5   Rb8  28. Rb4   Qxa4  29. Rxa4   Rb4  30. Rxb4  30... axb4  31. Rb1   Rb8  32. Bxe7   b3  33. Ne1   b2  34. Nd3   Bf8  35. Bxf8   Kxf8  36. f3   Rb3  37. Nxb2   Rxb2  38. Rxb2   Nxb2  39. Kf2   f5  40. g4  40... Ke7  41. gxf5   gxf5  42. Kg3   Kf6  43. e4   Nd3  44. Kh4   Kg6  45. exf5+   Kxf5  46. Kh5   Nf4+  47. Kh6   Nxh3  48. Kxh7   Ng5+  49. Kg7   Nxf3  50. d5  50... Ke5  51. d6   Kxd6 1/2-1/2